000 00317nam a22001457a 4500
008 210304b ||||| |||| 00| 0 eng d
020 _a2900030202932`
041 _aeng
080 _27th
_a541
082 _a541
100 _a12
101 _aKIM
245 _aAnalytical Chemistry
_cSkoog, D. A
942 _2udc
_cBK
999 _c55732
_d55732